Piłka nożna quiz #166 - Najmłodsi strzelcy reprezentacji Portugalii - Statystyki

Ogólne statystyki
  • Ten quiz został rozwiązany 186 razy
  • Średni wynik to 2 z 5
Statystyki odpowiedzi
Zawodnik Pozycja Data zdobycia bramki Wiek zawodnika % Poprawnych
Cristiano Ronaldo Środkowy napastnik 12.06.2004 19 lat 04 miesięcy 07 dni
97%
Renato Sanches Środkowy pomocnik 30.06.2016 18 lat 10 miesięcy 12 dni
70%
Nani Lewy skrzydłowy 01.09.2006 19 lat 09 miesięcy 15 dni
41%
Manuel Fernandes Ofensywny pomocnik 26.03.2005 19 lat 01 miesiąc 21 dni
19%
Pedro Neto Prawy skrzydłowy 11.11.2020 20 lat 08 miesięcy 02 dni
18%
Nie znaleziono quizów pasujących do podanych kryteriów
Rozkład punktacji
Procent ludzi z każdym wynikiem
Percentyl według liczby udzielonych odpowiedzi
Twoja historia wyników
Nie rozwiązałeś tego quizu